000
00297nam a22001217a 4500
999
_c
6369
_d
6369
008
180622b ||||| |||| 00| 0 eng d
020
_a
0-7456-0255-X
082
_a
301 GID
100
_a
GIDDENS ANTHONY
245
_a
SOCIOLOGY
250
_a
5TH,ED.
260
_a
UNITED KINGDOM
_b
THE POLICY PRESS
_c
2006